| 000 | 00714nam a22002177a 4500 | ||
|---|---|---|---|
| 005 | 20150126155416.0 | ||
| 008 | 040308s ck gr 00010 spa d | ||
| 015 | _ack-2006-xxxx | ||
| 020 | _a9789587164466 | ||
| 040 |
_aCO-BoIAVH _cCO-BoIAVH |
||
| 041 | 0 | _aspa | |
| 082 | 0 | 4 |
_a346.0482 _bA28m |
| 100 | 1 |
_aPabón-Cadavid, Jhonny Antonio _924505 |
|
| 245 | 1 | 0 |
_aGuía de derecho de autor para bibliotecas / _cJhonny Antonio Pabón |
| 260 | 3 |
_aBogotá _bJavegraf _c(s.f.) |
|
| 300 |
_a101 p. ; _c22 cm. |
||
| 650 |
_aDerechos de autor _v Manuales. _932111 |
||
| 650 |
_aDerechos de autor _z Colombia _v Manuales. _932112 |
||
| 650 |
_aPropiedad industrial _x Legislación _v Manuales. _932113 |
||
| 942 |
_2ddc _cImpreso |
||
| 999 |
_c8489 _d8489 |
||